Countries in America by Northernmost Point - Statistics

General Stats
  • This quiz has been taken 15 times
  • The average score is 30 of 35
Answer Stats
Northmost Americas % Correct
27°16′N Bahamas
100%
83º06’N Canada
100%
23º16’N Cuba
100%
32º43’N Mexico
100%
71º23’N United States
100%
19º55’N Dominican Republic
93%
20º04’N Haiti
93%
17º44’N Antigua and Barbuda
86%
21º48’S Argentina
86%
18º27’N Belize
86%
05º15’N Brazil
86%
17º19’S Chile
86%
12º27’N Colombia
86%
11º13’N Costa Rica
86%
15º38’N Dominica
86%
01º40’N Ecuador
86%
14º26’N El Salvador
86%
12º31’N Grenada
86%
17º49’N Guatemala
86%
08º24’N Guyana
86%
17º24’N Honduras
86%
18º31’N Jamaica
86%
15º01’N Nicaragua
86%
09º38’N Panama
86%
19º17’S Paraguay
86%
00º01’S Peru
86%
17º26’N Saint Kitts and Nevis
86%
14º07’N Saint Lucia
86%
13º22’N Saint Vincent and the Grenadines
86%
06º01’N Suriname
86%
11º21’N Trinidad and Tobago
86%
30º05’S Uruguay
86%
12º11’N Venezuela
86%
13º20’N Barbados
71%
09º40’N Bolivia
57%
No matching quizzes found
Score Distribution
Percent of People with Each Score
Percentile by Number Answered
Your Score History
You have not taken this quiz